000
00246nam a2200109Ia 4500
008
190216s9999||||xx |||||||||||||| ||und||
100
_a
Nambiar
245
0
_a
Vanijya Praveshika
260
_b
Shakthi Publication
650
_a
Economics
942
_c
BK
999
_c
9830
_d
9830